banner koha

Histologia e permeabilidade do tegumento de Astylus variegatus, Gemar, 1824 (Coleoptera, Dasytidae)[joaninha] (Registro n. 26268)

MARC details
000 -LÍDER
campo de controle de tamanho fixo 00966nam a22002897a 4500
001 - NÚMERO DE CONTROLE
campo de controle BR7806815
003 - IDENTIFICADOR DO NÚMERO DE CONTROLE
campo de controle BR-BrBNA
005 - DATA E HORÁRIO DA ÚLTIMA TRANSAÇÃO
campo de controle 20230928085756.0
007 - CAMPO FIXO DE DESCRIÇÃO FÍSICA--INFORMAÇÃO GERAL
campo de controle de tamanho fixo ta
008 - CAMPO DE DADOS FIXOS--INFORMAÇÃO GERAL
campo de controle de tamanho fixo 230509b bl.||||| |||| 00| 0 por d
040 ## - FONTE DA CATALOGAÇÃO
Instituição da catalogação original BR-BrBNA
Idioma da catalogação por
Instituição que transcreveu o registro Biblioteca Nacional de Agricultura
041 ## - CÓDIGO DE IDIOMA
Código do idioma do texto/trilha sonora ou título diferente (Por)
072 ## - CÓDIGO DE CATEGORIA DE ASSUNTO
Código de Categoria de Assunto H10; L40
Código do objeto 4020
090 ## - NÚMERO DE CHAMADA LOCAL
-- 4020 BR7806815
100 1# - ENTRADA PRINCIPAL--NOME PESSOAL
Nome pessoal Olivetti, I.G.F.
110 1# - ENTRADA PRINCIPAL--NOME CORPORATIVO
Nome corporativo ou nome da jurisdição Fundacao Universidade Estadual de Maringa, PR (Brasil)
9 (RLIN) 5061
245 1# - TÍTULO
Título Histologia e permeabilidade do tegumento de Astylus variegatus, Gemar, 1824 (Coleoptera, Dasytidae)[joaninha]
260 3# - PUBLICAÇÃO, DISTRIBUIÇÃO, ETC.
Local de publicação, distribuição, etc. Maringa, PR (Brasil):
Data da publicação, distribuição, etc. 1978.
300 ## - DESCRIÇÃO FÍSICA
Extensão 26 p.
500 ## - NOTA GERAL
Nota geral Summaries (Eng, Por); 14 ref. (*) Documento disponível na(o) Fundacao Universidade Estadual de Maringa, PR (Brazil). Biblioteca Central
650 ## - ASSUNTO--TERMO TÓPICO
Cabeçalho tópico ou nome geográfico JOANINHA
650 ## - ASSUNTO--TERMO TÓPICO
Cabeçalho tópico ou nome geográfico BIOLOGIA
650 ## - ASSUNTO--TERMO TÓPICO
Cabeçalho tópico ou nome geográfico HISTOLOGIA
650 ## - ASSUNTO--TERMO TÓPICO
Cabeçalho tópico ou nome geográfico TEGUMENTO
909 ## -
-- 202309
-- Lucia
-- 55
-- Lucia Elande
942 ## - ELEMENTOS DE ENTRADA ADICIONADOS (KOHA)
Tipo de material Koha Livros
Exemplares
Situação do descarte Fonte da classificação ou esquema de arquivamento na estante Situação física Não pode ser emprestado Biblioteca de origem Biblioteca atual Total de empréstimos Data de último acesso Número do exemplar Tipo de material Koha Nota pública Situação das perdas Data de aquisição Fonte de aquisição Qualificador de local codificado Custo, preço normal de compra Número do inventário Custo, preço de reposição Preço efetivo de
  Classificação AGRIS   INDISPONÍVEL Biblioteca Nacional de Agricultura - Binagri Biblioteca Nacional de Agricultura - Binagri   25/09/2023 01 Livros (*) Documento disponível na(o) Fundação Universidade Estadual de Maringá, PR (Brazil). Biblioteca Central Em falta 2023-09-25 Portaria Interministerial nº 164/94          

BINAGRI

Telefone: (61)3218-2567/2388/3357/2097 - binagri@agro.gov.br

Ministério da Agricultura e Pecuária , Esplanada dos Ministérios, Bloco D, Anexo B, Brasília/DF, CEP: 70.043-900